00734nam a2200241 a 4500001001300000003000900013005001700022008004100039020001000080082001700090100002100107245006800128260003200196300000800228500003500236505001500271650002500286700002100311902000800332942000700340952013000347999001500477nice12345678IN_TiNIC20260116012344.0050524s1984 dela grp 000 0 eng  ac10000a201.65bKHA2 aKhan, Ehsanullah aPromotion of Scientific Temperb Study of Science and Religion. aDelhibBait Al Hikmatc1984 a74p aincludes index and biblioraphy2 aReferences aReligion and Science1 aKhan, Ehsanullah bSRS cBK 001040708StackRoom-aHMIbHMId2011-04-06g100.00l1o201.65 KHA2p012615r2017-10-04s2017-10-03v100.00w2005-05-24yBK c6680d6680